|
|
|
แสดงรายละเอียดบรรณานุกรม |
|
|
Brief Record
: Get Marc (ISO 2709)
: E-mail record
: |
| LEADER : 00000nam 2200000uu 4500 | |||
| 001 13399120976 | |||
| 003 ULIB | |||
| 008 101229s||||||||th 000 0 tha d | |||
| 020 9786163200761 | |||
| 060 04 WL346^bภ321ค 2556 | |||
| 100 0 ^aภัคจีรา ศุภวิชชา | |||
| 245 00 คู่มือดูแลผู้ป่วยอัมพฤกษ์อัมพาตและผู้ป่วยที่ต้องการความช่วยเหลือเบื้องต้น /^cภัคจีรา ศุภวิชชา | |||
| 250 พิมพ์ครั้งที่ 1 (ฉบับปรับปรุง) (ราคา 200 บาท) | |||
| 260 กรุงเทพฯ :^bต้นธรรม,^c2556 | |||
| 300 ^a256 หน้า :^bภาพประกอบ ;^c21 ซม. | |||
| 650 7 ^aอัมพาต | |||
| 650 7 ^aอัมพฤกษ์อัมพาต,โรค | |||
| 945 ^p200^l0^i067916 | |||
| 945 ^p200^l0^i067917 | |||
| 945 ^p200^l0^i067918 | |||
| 945 ^p200^l0^i067919 | |||
| 945 ^p200^l0^i067920 | |||
| 999 ^aวนิดา | |||
| คุณยังไม่ได้ล็อกอิน คุณสามารถมีกิจกรรมร่วมกับเว็บไซต์ได้ แต่ต้องล็อกอินก่อน :: |
|
|||||||||
|
||||||||||
| สถานะ | |||||
| 1. | หนังสือ | WL346 ภ321ค 2556 c.1 Barcode: 067916 | ►หนังสือทั่วไป | บนชั้น | |
| 2. | หนังสือ | WL346 ภ321ค 2556 c.2 Barcode: 067917 | ►หนังสือทั่วไป | บนชั้น | |
| 3. | หนังสือ | WL346 ภ321ค 2556 c.3 Barcode: 067918 | ►หนังสือทั่วไป | บนชั้น | |
| 4. | หนังสือ | WL346 ภ321ค 2556 c.4 Barcode: 067919 | ►หนังสือทั่วไป | บนชั้น ขอยืม | |
| 5. | หนังสือ | WL346 ภ321ค 2556 c.5 Barcode: 067920 | ►หนังสือทั่วไป | บนชั้น ขอยืม | |
BibComment |
| คอมเมนท์ทรัพยากรรายการนี้ |
|